| 000 | 00799nam a2200265 i 4500 | ||
|---|---|---|---|
| 003 | DO-SdBNP | ||
| 005 | 20260423141548.0 | ||
| 007 | ta | ||
| 008 | 260423b dr ||||| |||| 00| 0 spa d | ||
| 020 | _a9789945130607 | ||
| 040 |
_aDO-SdBNP _bspa _cBNPHU _erda |
||
| 041 | _aspa | ||
| 082 | 4 |
_axxx _bxxx _222 |
|
| 100 |
_aBakunin, Mijaíl, _d1814-1876 _eautor _4aut. _989399 |
||
| 245 | 1 | 0 |
_aDios y el estado / _cMijaíl Bakunin, |
| 264 |
_aSanto Domingo : _bEdiciones Cónica, _c200?. |
||
| 300 |
_a184 páginas ; _c18 cm. |
||
| 336 |
_atexto _btxt _2rdacontent |
||
| 337 |
_asin mediación _bn _2rdamedia |
||
| 338 |
_avolumen _bnc _2rdacarrier |
||
| 500 | _aIncluye datos biográficos del autor en la contracubierta | ||
| 590 | _aInventariado, 2026/BT | ||
| 910 | _aBtavárez | ||
| 942 |
_2ddc _cLBS1 |
||
| 999 |
_c60610 _d60610 |
||